000
00297nam a22001337a 4500
008
171016b xxu||||| |||| 00| 0 eng d
020
_a
0060412992
041
_a
eng
080
_a
331.101.262
100
_a
52
101
_a
BNJ
245
_a
ORAGNIZATION BEHAVIOR
_c
CHUNG.K.H
942
_2
udc
_c
BK
999
_c
34184
_d
34184